000 00223nam a22000857a 4500
008 161129b xxu||||| |||| 00| 0 eng d
100 _91523
_aVehta.V.K.
245 _aPrinciples of Physics-XII
260 _aNew Delhi
_bS. Chand
_c2011
999 _c4252
_d4252